00636cam a22002411 4500001001300000003000400013005001700017008004100034010001700075035001900092040001700111042001200128050001800140082001000158110002600168245002500194260005400219300004100273500003100314650001300345700001900358999001700377agr44000193 DLC20260227111002.0770914s1944 xx 000 0 eng  aagr44000193  a(OCoLC)3264457 aDLCcOCdDLC apremarc00aSF487b.K5614 a636.52 aKerr chickeries, Inc.00aKerr poultry manual. aFrenchtown, N.J.,bKerr chickeries, inc.,cc1944. a127 p.billus. (incl. plans)c22 cm. aBy A. C. Schlott. cf. p.3. 0aPoultry.1 aSchlott, A. C. c10317d10317